000 00900cam a22003017a 4500
001 14066932
005 20180111064434.0
008 050808s2006 nyua 000 0 eng d
010 _a 2005931916
020 _a074328982X
020 _a9780743289825
035 _a(OCoLC)ocm62736345
040 _aJRZ
_cJRZ
_dBAKER
_dDLC
041 1 _aeng
042 _alccopycat
066 _c$1
080 _a204 EMO
082 0 4 _a204 EMO
_222
100 1 _a9
101 _aMJE
240 1 0 _aMizu wa kotae o shitte iru.
_n2.
_lEnglish
245 1 4 _aThe secret life of water /
_cMasaru Emoto ; translated by David A. Thayne.
906 _a7
_bcbc
_ccopycat
_d2
_encip
_f20
_gy-gencatlg
942 _2ddc
_cBK
999 _c40098
_d40098